| 000 | 00000nas 2200000zi 4500 |
| 001 | 9.507064 |
| 003 | CaOODSP |
| 005 | 20250903125244 |
| 006 | m o d f |
| 007 | cr cn |||||||| |
| 008 | 150406c20049999oncar p o f0 a0eng|d |
| 022 | |a1497-942X|y1484-8503|y1711-5523 |
| 040 | |aCaOODSP|beng|erda|cCaOODSP |
| 043 | |an-cn--- |
| 086 | 1 |aNR1-1E-PDF |
| 110 | 2 |aNational Research Council Canada.|eauthor, |eissuing body. |
| 210 | 1 |aAnnu. rep. - Natl. Res. Counc. Can. |b(Online) |
| 222 | 0|aAnnual report - National Research Council Canada |b(Online) |
| 240 | 10|aAnnual report (2004) |
| 245 | 10|aAnnual report / |cNational Research Council Canada. |
| 246 | 13|aNRC annual report |
| 264 | 1|a[Ottawa] : |bNational Research Council Canada = Conseil national de recherches, |c[2004]- |
| 310 | |aAnnual |
| 336 | |atext|btxt|2rdacontent |
| 337 | |acomputer|bc|2rdamedia |
| 338 | |aonline resource|bcr|2rdacarrier |
| 362 | 1 |aBegan with: 2003/2004. |
| 500 | |aEach issue also has a distinctive title. |
| 500 | |aIssued also in French under title: Rapport annuel. |
| 515 | |aReport year ends March 31. |
| 588 | |aDescription based on: 2003/2004; title from PDF cover page. |
| 588 | |aLatest issue consulted: 2023/2024. |
| 610 | 20|aNational Research Council Canada|vPeriodicals. |
| 650 | 0|aResearch|zCanada|vPeriodicals. |
| 650 | 0|aResearch, Industrial|zCanada|vPeriodicals. |
| 655 | 7|aPeriodicals|2lcgft |
| 775 | 08|tRapport annuel / |w(CaOODSP)9.503457 |
| 776 | 0#|tNational Research Council Canada - annual report |w(CaOODSP)9.805915 |
| 780 | 00|tNational Research Council Canada review : |w(CaOODSP)9.950011 |